000 00314nam a22001337a 4500
008 170712b xxu||||| |||| 00| 0 eng d
020 _a0156585723
041 _aeng
080 _a038
100 _a23
101 _aFJA
245 _aMEDICAL MEANINGS/ A GLOSSARY OF WORD ORIGINS
_cHAUBRICH, W.S
942 _2udc
_cBK
999 _c20307
_d20307